[Event "Deutsche Ländermeisterschaft 2023"]
[Site "Hannover GER"]
[Date "2023.10.01"]
[Round "2"]
[White "Lesny, Florian"]
[Black "Nied, Pascal"]
[Result "1/2-1/2"]
[Termination "normal"]
[Board "3.2"]
[WhiteElo "2222"]
[BlackElo "2156"]
[WhiteClock "00:02:44"]
[BlackClock "00:01:44"]
[WhiteTeam "Hessen"]
[BlackTeam "Baden"]
[PlyCount "81"]
[WhiteFideId "12973874"]
[BlackFideId "16260597"]
[EventCountry "GER"]
[EventRounds "7"]
[EventType "team-swiss"]
[EventDate "2023.09.30"]

1. e4 {[%clk 01:30:57]} {[%emt 00:00:01]} e5 {[%clk 01:30:52]} {[%emt
00:00:08]} 2. Nf3 {[%clk 01:31:17]} {[%emt 00:00:11]} Nc6 {[%clk 01:31:19]}
{[%emt 00:00:03]} 3. Bc4 {[%clk 01:31:33]} {[%emt 00:00:13]} Bc5 {[%clk
01:31:32]} {[%emt 00:00:17]} 4. O-O {[%clk 01:31:51]} {[%emt 00:00:13]} Nf6
{[%clk 01:31:58]} {[%emt 00:00:04]} 5. d3 {[%clk 01:32:06]} {[%emt 00:00:14]}
O-O {[%clk 01:32:19]} {[%emt 00:00:08]} 6. Re1 {[%clk 01:31:57]} {[%emt
00:00:38]} Ng4 {[%clk 01:27:22]} {[%emt 00:05:28]} 7. Re2 {[%clk 01:31:28]}
{[%emt 00:01:00]} Kh8 {[%clk 01:27:34]} {[%emt 00:00:18]} 8. h3 {[%clk
01:25:30]} {[%emt 00:06:27]} f5 {[%clk 01:27:10]} {[%emt 00:00:54]} 9. exf5
{[%clk 01:21:53]} {[%emt 00:04:07]} Nxf2 {[%clk 01:12:30]} {[%emt 00:15:09]}
10. Rxf2 {[%clk 01:22:07]} {[%emt 00:00:16]} d5 {[%clk 01:12:43]} {[%emt
00:00:18]} 11. Bb5 {[%clk 01:15:05]} {[%emt 00:07:31]} Bxf5 {[%clk 00:56:37]}
{[%emt 00:16:37]} 12. Bxc6 {[%clk 01:02:14]} {[%emt 00:13:20]} Bxf2+ {[%clk
00:56:55]} {[%emt 00:00:12]} 13. Kxf2 {[%clk 01:02:32]} {[%emt 00:00:12]} bxc6
{[%clk 00:57:00]} {[%emt 00:00:25]} 14. Bg5 {[%clk 00:55:49]} {[%emt 00:07:13]}
Qb8 {[%clk 00:33:54]} {[%emt 00:23:36]} 15. Qc1 {[%clk 00:49:29]} {[%emt
00:06:50]} e4 {[%clk 00:30:45]} {[%emt 00:03:39]} 16. dxe4 {[%clk 00:48:36]}
{[%emt 00:01:23]} dxe4 {[%clk 00:30:47]} {[%emt 00:00:27]} 17. Nd4 {[%clk
00:46:35]} {[%emt 00:02:30]} Bxh3+ {[%clk 00:26:44]} {[%emt 00:04:34]} 18. Kg1
{[%clk 00:46:19]} {[%emt 00:00:46]} Qb6 {[%clk 00:23:09]} {[%emt 00:04:06]} 19.
c3 {[%clk 00:38:51]} {[%emt 00:07:57]} c5 {[%clk 00:21:09]} {[%emt 00:02:30]}
20. Ne2 {[%clk 00:38:28]} {[%emt 00:00:49]} c4+ {[%clk 00:16:35]} {[%emt
00:05:09]} 21. Nd4 {[%clk 00:37:58]} {[%emt 00:00:59]} Be6 {[%clk 00:06:58]}
{[%emt 00:10:07]} 22. Be3 {[%clk 00:33:10]} {[%emt 00:05:19]} Bd5 {[%clk
00:03:48]} {[%emt 00:03:40]} 23. Nd2 {[%clk 00:31:44]} {[%emt 00:01:55]} Qd6
{[%clk 00:03:18]} {[%emt 00:00:59]} 24. Qe1 {[%clk 00:29:46]} {[%emt 00:02:29]}
Rf7 {[%clk 00:02:11]} {[%emt 00:01:37]} 25. Qh4 {[%clk 00:23:16]} {[%emt
00:07:00]} Raf8 {[%clk 00:01:29]} {[%emt 00:01:13]} 26. Re1 {[%clk 00:21:15]}
{[%emt 00:02:30]} Qf6 {[%clk 00:00:34]} {[%emt 00:01:26]} 27. Qxf6 {[%clk
00:15:07]} {[%emt 00:06:39]} Rxf6 {[%clk 00:01:01]} {[%emt 00:00:02]} 28. Nc2
{[%clk 00:11:27]} {[%emt 00:04:10]} a5 {[%clk 00:00:34]} {[%emt 00:00:58]} 29.
Na3 {[%clk 00:09:56]} {[%emt 00:02:00]} Rc6 {[%clk 00:00:58]} {[%emt 00:00:06]}
30. Re2 {[%clk 00:08:01]} {[%emt 00:02:25]} Kg8 {[%clk 00:00:36]} {[%emt
00:00:52]} 31. Nf1 {[%clk 00:07:20]} {[%emt 00:01:11]} Re8 {[%clk 00:00:34]}
{[%emt 00:00:33]} 32. Rd2 {[%clk 00:07:14]} {[%emt 00:00:35]} Bf7 {[%clk
00:00:37]} {[%emt 00:00:27]} 33. Bf4 {[%clk 00:05:07]} {[%emt 00:02:38]} Rc5
{[%clk 00:00:32]} {[%emt 00:00:36]} 34. Ne3 {[%clk 00:04:53]} {[%emt 00:00:43]}
Rb8 {[%clk 00:00:34]} {[%emt 00:00:28]} 35. Kf2 {[%clk 00:02:52]} {[%emt
00:02:30]} Be6 {[%clk 00:00:46]} {[%emt 00:00:18]} 36. Kg1 {[%clk 00:02:36]}
{[%emt 00:00:46]} g5 {[%clk 00:00:40]} {[%emt 00:00:36]} 37. Bg3 {[%clk
00:02:47]} {[%emt 00:00:20]} Kf7 {[%clk 00:00:42]} {[%emt 00:00:27]} 38. Bf2
{[%clk 00:02:20]} {[%emt 00:00:57]} Rc6 {[%clk 00:00:53]} {[%emt 00:00:19]} 39.
Bg3 {[%clk 00:02:32]} {[%emt 00:00:19]} Rc5 {[%clk 00:01:17]} {[%emt 00:00:06]}
40. Bf2 {[%clk 00:02:48]} {[%emt 00:00:13]} Rc6 {[%clk 00:01:44]} {[%emt
00:00:04]} 41. Bg3 {[%clk 00:02:44]} {[%emt 00:00:33]} 1/2-1/2

[Event "Deutsche Ländermeisterschaft 2023"]
[Site "Hannover GER"]
[Date "2023.10.01"]
[Round "2"]
[White "Hecht, Jonas Christian"]
[Black "Sydykov, Bayastan"]
[Result "0-1"]
[Termination "normal"]
[Board "3.3"]
[WhiteElo "1999"]
[BlackElo "2059"]
[WhiteClock "00:14:03"]
[BlackClock "00:07:53"]
[WhiteTeam "Baden"]
[BlackTeam "Hessen"]
[PlyCount "72"]
[WhiteFideId "16214846"]
[BlackFideId "13829610"]
[EventCountry "GER"]
[EventRounds "7"]
[EventType "team-swiss"]
[EventDate "2023.09.30"]

1. e4 {[%clk 01:30:58]} {[%emt 00:00:02]} e6 {[%clk 01:30:47]} {[%emt
00:00:13]} 2. d4 {[%clk 01:31:21]} {[%emt 00:00:07]} d5 {[%clk 01:31:06]}
{[%emt 00:00:11]} 3. Nc3 {[%clk 01:31:44]} {[%emt 00:00:06]} Nf6 {[%clk
01:31:02]} {[%emt 00:00:34]} 4. Bg5 {[%clk 01:32:08]} {[%emt 00:00:06]} dxe4
{[%clk 01:30:50]} {[%emt 00:00:43]} 5. Nxe4 {[%clk 01:32:30]} {[%emt 00:00:08]}
Be7 {[%clk 01:30:41]} {[%emt 00:00:39]} 6. Bxf6 {[%clk 01:32:52]} {[%emt
00:00:08]} Bxf6 {[%clk 01:30:52]} {[%emt 00:00:19]} 7. Nf3 {[%clk 01:32:34]}
{[%emt 00:00:47]} O-O {[%clk 01:30:28]} {[%emt 00:00:54]} 8. Qd2 {[%clk
01:29:44]} {[%emt 00:03:20]} Nd7 {[%clk 01:28:42]} {[%emt 00:02:16]} 9. Bd3
{[%clk 01:29:42]} {[%emt 00:00:32]} b6 {[%clk 01:23:09]} {[%emt 00:06:05]} 10.
h4 {[%clk 01:24:52]} {[%emt 00:05:19]} Bb7 {[%clk 01:19:48]} {[%emt 00:03:51]}
11. h5 {[%clk 01:22:05]} {[%emt 00:03:17]} c5 {[%clk 01:15:23]} {[%emt
00:04:54]} 12. dxc5 {[%clk 01:10:11]} {[%emt 00:12:25]} Nxc5 {[%clk 01:15:20]}
{[%emt 00:00:32]} 13. Nxc5 {[%clk 01:02:10]} {[%emt 00:08:32]} bxc5 {[%clk
01:15:42]} {[%emt 00:00:08]} 14. h6 {[%clk 01:01:11]} {[%emt 00:01:29]} g6
{[%clk 01:15:39]} {[%emt 00:00:33]} 15. c3 {[%clk 00:59:47]} {[%emt 00:01:53]}
Rb8 {[%clk 00:54:54]} {[%emt 00:21:14]} 16. Qc2 {[%clk 00:53:38]} {[%emt
00:06:40]} Qa5 {[%clk 00:42:19]} {[%emt 00:13:05]} 17. Nd2 {[%clk 00:46:16]}
{[%emt 00:07:52]} Bxg2 {[%clk 00:33:27]} {[%emt 00:09:23]} 18. Nc4 {[%clk
00:41:10]} {[%emt 00:05:35]} Qc7 {[%clk 00:31:31]} {[%emt 00:02:26]} 19. Rg1
{[%clk 00:41:19]} {[%emt 00:00:22]} Bf3 {[%clk 00:26:02]} {[%emt 00:05:59]} 20.
Rg3 {[%clk 00:34:58]} {[%emt 00:06:51]} Qf4 {[%clk 00:24:46]} {[%emt 00:01:46]}
21. Nd2 {[%clk 00:33:35]} {[%emt 00:01:53]} Bh5 {[%clk 00:23:49]} {[%emt
00:01:26]} 22. Ne4 {[%clk 00:32:51]} {[%emt 00:01:13]} Bh4 {[%clk 00:22:58]}
{[%emt 00:01:21]} 23. Rh3 {[%clk 00:29:46]} {[%emt 00:03:36]} Be7 {[%clk
00:19:44]} {[%emt 00:03:44]} 24. Ng3 {[%clk 00:22:22]} {[%emt 00:07:54]} Bg4
{[%clk 00:19:22]} {[%emt 00:00:53]} 25. Rh2 {[%clk 00:22:26]} {[%emt 00:00:26]}
Qe5+ {[%clk 00:19:35]} {[%emt 00:00:17]} 26. Kf1 {[%clk 00:22:39]} {[%emt
00:00:17]} Rfd8 {[%clk 00:18:01]} {[%emt 00:02:04]} 27. Re1 {[%clk 00:20:36]}
{[%emt 00:02:32]} Qd5 {[%clk 00:17:56]} {[%emt 00:00:35]} 28. Re3 {[%clk
00:19:45]} {[%emt 00:01:21]} Qxa2 {[%clk 00:14:15]} {[%emt 00:04:11]} 29. f3
{[%clk 00:19:42]} {[%emt 00:00:33]} Bg5 {[%clk 00:13:52]} {[%emt 00:00:53]} 30.
Qf2 {[%clk 00:15:48]} {[%emt 00:04:23]} Bxe3 {[%clk 00:09:04]} {[%emt
00:05:19]} 31. Qxe3 {[%clk 00:16:13]} {[%emt 00:00:06]} Qd5 {[%clk 00:09:03]}
{[%emt 00:00:31]} 32. Be2 {[%clk 00:14:25]} {[%emt 00:02:18]} Bf5 {[%clk
00:08:56]} {[%emt 00:00:38]} 33. Nh5 {[%clk 00:12:52]} {[%emt 00:02:02]} gxh5
{[%clk 00:07:40]} {[%emt 00:01:46]} 34. Qg5+ {[%clk 00:13:15]} {[%emt
00:00:06]} Bg6 {[%clk 00:07:36]} {[%emt 00:00:35]} 35. Qf6 {[%clk 00:13:37]}
{[%emt 00:00:08]} Kf8 {[%clk 00:07:57]} {[%emt 00:00:09]} 36. Rg2 {[%clk
00:14:03]} {[%emt 00:00:03]} Qf5 {[%clk 00:07:53]} {[%emt 00:00:34]} 0-1

[Event "Deutsche Ländermeisterschaft 2023"]
[Site "Hannover GER"]
[Date "2023.10.01"]
[Round "2"]
[White "Burkart, Lloyd Shang"]
[Black "Basovskiy, Jana"]
[Result "1-0"]
[Termination "normal"]
[Board "3.4"]
[WhiteElo "2027"]
[BlackElo "1846"]
[WhiteClock "00:04:55"]
[BlackClock "00:07:25"]
[WhiteTeam "Hessen"]
[BlackTeam "Baden"]
[PlyCount "103"]
[WhiteFideId "16239059"]
[BlackFideId "16208617"]
[EventCountry "GER"]
[EventRounds "7"]
[EventType "team-swiss"]
[EventDate "2023.09.30"]

1. d4 {[%clk 01:30:58]} {[%emt 00:00:01]} Nf6 {[%clk 01:30:56]} {[%emt
00:00:04]} 2. c4 {[%clk 01:31:24]} {[%emt 00:00:04]} Nc6 {[%clk 01:30:57]}
{[%emt 00:00:30]} 3. Nf3 {[%clk 01:31:42]} {[%emt 00:00:11]} e6 {[%clk
01:31:18]} {[%emt 00:00:09]} 4. a3 {[%clk 01:31:57]} {[%emt 00:00:15]} d6
{[%clk 01:31:05]} {[%emt 00:00:44]} 5. Nc3 {[%clk 01:30:34]} {[%emt 00:01:52]}
g6 {[%clk 01:31:21]} {[%emt 00:00:15]} 6. Bf4 {[%clk 01:30:22]} {[%emt
00:00:42]} Bg7 {[%clk 01:30:33]} {[%emt 00:01:19]} 7. e3 {[%clk 01:30:33]}
{[%emt 00:00:18]} O-O {[%clk 01:28:03]} {[%emt 00:03:01]} 8. Be2 {[%clk
01:30:36]} {[%emt 00:00:26]} Qe7 {[%clk 01:25:43]} {[%emt 00:02:50]} 9. O-O
{[%clk 01:28:41]} {[%emt 00:02:25]} e5 {[%clk 01:17:17]} {[%emt 00:08:56]} 10.
Bg5 {[%clk 01:28:30]} {[%emt 00:00:41]} exd4 {[%clk 01:11:05]} {[%emt
00:06:43]} 11. Nd5 {[%clk 01:25:21]} {[%emt 00:03:38]} Qd8 {[%clk 01:09:19]}
{[%emt 00:02:12]} 12. exd4 {[%clk 01:25:26]} {[%emt 00:00:30]} Nb8 {[%clk
01:06:02]} {[%emt 00:03:48]} 13. Re1 {[%clk 01:20:08]} {[%emt 00:05:46]} c6
{[%clk 01:04:35]} {[%emt 00:01:57]} 14. Nxf6+ {[%clk 01:20:04]} {[%emt
00:00:34]} Bxf6 {[%clk 01:05:00]} {[%emt 00:00:05]} 15. Bxf6 {[%clk 01:20:02]}
{[%emt 00:00:32]} Qxf6 {[%clk 01:05:25]} {[%emt 00:00:06]} 16. Qb3 {[%clk
01:18:56]} {[%emt 00:01:35]} Nd7 {[%clk 01:04:25]} {[%emt 00:01:30]} 17. h3
{[%clk 01:13:25]} {[%emt 00:06:00]} Nb6 {[%clk 01:03:06]} {[%emt 00:01:49]} 18.
Bd3 {[%clk 01:11:07]} {[%emt 00:02:49]} Bxh3 {[%clk 00:50:20]} {[%emt
00:13:17]} 19. Be4 {[%clk 01:03:48]} {[%emt 00:07:49]} Be6 {[%clk 00:47:34]}
{[%emt 00:03:15]} 20. d5 {[%clk 01:03:11]} {[%emt 00:01:07]} cxd5 {[%clk
00:42:03]} {[%emt 00:06:02]} 21. cxd5 {[%clk 01:03:34]} {[%emt 00:00:07]} Bf5
{[%clk 00:41:29]} {[%emt 00:01:04]} 22. Bxf5 {[%clk 00:54:56]} {[%emt
00:09:08]} Qxf5 {[%clk 00:41:53]} {[%emt 00:00:06]} 23. Re7 {[%clk 00:55:13]}
{[%emt 00:00:13]} Rab8 {[%clk 00:40:40]} {[%emt 00:01:43]} 24. Rd1 {[%clk
00:53:45]} {[%emt 00:01:57]} Rfe8 {[%clk 00:37:38]} {[%emt 00:03:32]} 25. Rxe8+
{[%clk 00:51:06]} {[%emt 00:03:10]} Rxe8 {[%clk 00:37:53]} {[%emt 00:00:15]}
26. Qb4 {[%clk 00:50:28]} {[%emt 00:01:08]} Qf6 {[%clk 00:33:30]} {[%emt
00:04:52]} 27. a4 {[%clk 00:44:55]} {[%emt 00:06:04]} Re2 {[%clk 00:24:12]}
{[%emt 00:09:47]} 28. a5 {[%clk 00:41:58]} {[%emt 00:03:27]} Rxb2 {[%clk
00:22:24]} {[%emt 00:02:17]} 29. Qg4 {[%clk 00:41:51]} {[%emt 00:00:36]} h5
{[%clk 00:22:46]} {[%emt 00:00:09]} 30. Qh3 {[%clk 00:27:41]} {[%emt 00:14:40]}
Na4 {[%clk 00:22:57]} {[%emt 00:00:18]} 31. Qc8+ {[%clk 00:27:59]} {[%emt
00:00:12]} Kg7 {[%clk 00:22:41]} {[%emt 00:00:45]} 32. Re1 {[%clk 00:23:47]}
{[%emt 00:04:43]} Qc3 {[%clk 00:21:42]} {[%emt 00:01:28]} 33. Qe8 {[%clk
00:23:25]} {[%emt 00:00:53]} Qc2 {[%clk 00:21:07]} {[%emt 00:01:04]} 34. Qe3
{[%clk 00:23:04]} {[%emt 00:00:52]} Qc5 {[%clk 00:10:53]} {[%emt 00:10:44]} 35.
Nd4 {[%clk 00:18:59]} {[%emt 00:04:36]} Qc3 {[%clk 00:09:20]} {[%emt 00:01:59]}
36. Nf5+ {[%clk 00:14:26]} {[%emt 00:05:05]} gxf5 {[%clk 00:05:11]} {[%emt
00:04:39]} 37. Qg5+ {[%clk 00:09:05]} {[%emt 00:05:50]} Kh7 {[%clk 00:05:15]}
{[%emt 00:00:27]} 38. Qxh5+ {[%clk 00:09:10]} {[%emt 00:00:25]} Kg7 {[%clk
00:05:36]} {[%emt 00:00:09]} 39. Qg5+ {[%clk 00:09:31]} {[%emt 00:00:08]} Kh7
{[%clk 00:06:00]} {[%emt 00:00:07]} 40. Re3 {[%clk 00:02:44]} {[%emt 00:07:17]}
Qg7 {[%clk 00:04:21]} {[%emt 00:02:08]} 41. Rh3+ {[%clk 00:02:59]} {[%emt
00:00:14]} Kg8 {[%clk 00:04:13]} {[%emt 00:00:38]} 42. Qd8+ {[%clk 00:03:25]}
{[%emt 00:00:05]} Qf8 {[%clk 00:04:36]} {[%emt 00:00:07]} 43. Rh8+ {[%clk
00:03:53]} {[%emt 00:00:02]} Kxh8 {[%clk 00:04:54]} {[%emt 00:00:12]} 44. Qxf8+
{[%clk 00:04:20]} {[%emt 00:00:02]} Kh7 {[%clk 00:05:18]} {[%emt 00:00:06]} 45.
Qxf7+ {[%clk 00:04:48]} {[%emt 00:00:03]} Kh6 {[%clk 00:05:39]} {[%emt
00:00:10]} 46. Qf6+ {[%clk 00:04:53]} {[%emt 00:00:25]} Kh7 {[%clk 00:06:00]}
{[%emt 00:00:08]} 47. Qxf5+ {[%clk 00:04:14]} {[%emt 00:01:09]} Kh8 {[%clk
00:06:18]} {[%emt 00:00:12]} 48. Qf8+ {[%clk 00:04:29]} {[%emt 00:00:15]} Kh7
{[%clk 00:06:38]} {[%emt 00:00:09]} 49. Qf7+ {[%clk 00:04:14]} {[%emt
00:00:45]} Kh6 {[%clk 00:06:58]} {[%emt 00:00:10]} 50. Qf6+ {[%clk 00:04:07]}
{[%emt 00:00:37]} Kh7 {[%clk 00:07:14]} {[%emt 00:00:15]} 51. Qe7+ {[%clk
00:04:29]} {[%emt 00:00:08]} Kh6 {[%clk 00:07:25]} {[%emt 00:00:18]} 52. Qxd6+
{[%clk 00:04:55]} {[%emt 00:00:05]} 1-0

[Event "Deutsche Ländermeisterschaft 2023"]
[Site "Hannover GER"]
[Date "2023.10.01"]
[Round "2"]
[White "Uyar, Levin"]
[Black "Buchholz, Maja Patricia"]
[Result "0-1"]
[Termination "normal"]
[Board "3.5"]
[WhiteElo "1720"]
[BlackElo "1858"]
[WhiteClock "00:04:26"]
[BlackClock "00:42:19"]
[WhiteTeam "Baden"]
[BlackTeam "Hessen"]
[PlyCount "80"]
[WhiteFideId "16282108"]
[BlackFideId "16200500"]
[EventCountry "GER"]
[EventRounds "7"]
[EventType "team-swiss"]
[EventDate "2023.09.30"]

1. e4 {[%clk 01:30:42]} {[%emt 00:00:16]} e6 {[%clk 01:30:51]} {[%emt
00:00:09]} 2. d4 {[%clk 01:31:03]} {[%emt 00:00:09]} d5 {[%clk 01:31:14]}
{[%emt 00:00:08]} 3. Nd2 {[%clk 01:31:22]} {[%emt 00:00:11]} Be7 {[%clk
01:31:27]} {[%emt 00:00:16]} 4. e5 {[%clk 01:31:00]} {[%emt 00:00:53]} c5
{[%clk 01:31:41]} {[%emt 00:00:16]} 5. c3 {[%clk 01:30:57]} {[%emt 00:00:33]}
cxd4 {[%clk 01:30:45]} {[%emt 00:01:26]} 6. cxd4 {[%clk 01:30:26]} {[%emt
00:01:00]} Qb6 {[%clk 01:28:59]} {[%emt 00:02:16]} 7. Ndf3 {[%clk 01:22:31]}
{[%emt 00:08:26]} Bd7 {[%clk 01:18:58]} {[%emt 00:10:30]} 8. Bd3 {[%clk
01:19:32]} {[%emt 00:03:28]} Bb5 {[%clk 01:17:53]} {[%emt 00:01:35]} 9. Bb1
{[%clk 01:17:20]} {[%emt 00:02:43]} Nc6 {[%clk 01:13:22]} {[%emt 00:05:02]} 10.
Ne2 {[%clk 01:00:35]} {[%emt 00:17:15]} Bxe2 {[%clk 00:53:43]} {[%emt
00:20:09]} 11. Kxe2 {[%clk 00:47:20]} {[%emt 00:13:45]} Nh6 {[%clk 00:51:59]}
{[%emt 00:02:14]} 12. Bxh6 {[%clk 00:39:41]} {[%emt 00:08:10]} Qxb2+ {[%clk
00:43:07]} {[%emt 00:09:22]} 13. Qd2 {[%clk 00:13:52]} {[%emt 00:26:18]} Qxa1
{[%clk 00:43:08]} {[%emt 00:00:28]} 14. Rc1 {[%clk 00:11:22]} {[%emt 00:03:00]}
Ba3 {[%clk 00:41:59]} {[%emt 00:01:39]} 15. Rxc6 {[%clk 00:04:15]} {[%emt
00:07:38]} bxc6 {[%clk 00:41:45]} {[%emt 00:00:44]} 16. Qc2 {[%clk 00:03:44]}
{[%emt 00:01:01]} Qb2 {[%clk 00:41:27]} {[%emt 00:00:48]} 17. Bxg7 {[%clk
00:03:06]} {[%emt 00:01:08]} Rg8 {[%clk 00:41:01]} {[%emt 00:00:55]} 18. Bf6
{[%clk 00:03:04]} {[%emt 00:00:32]} Rb8 {[%clk 00:40:54]} {[%emt 00:00:37]} 19.
Nd2 {[%clk 00:02:39]} {[%emt 00:00:55]} Qxc2 {[%clk 00:41:00]} {[%emt
00:00:25]} 20. Bxc2 {[%clk 00:02:57]} {[%emt 00:00:12]} Rb2 {[%clk 00:40:50]}
{[%emt 00:00:39]} 21. Bxh7 {[%clk 00:01:54]} {[%emt 00:01:34]} Rxg2 {[%clk
00:41:05]} {[%emt 00:00:15]} 22. h4 {[%clk 00:01:47]} {[%emt 00:00:37]} Bb4
{[%clk 00:40:49]} {[%emt 00:00:46]} 23. Bg5 {[%clk 00:01:53]} {[%emt 00:00:25]}
Rxg5 {[%clk 00:40:37]} {[%emt 00:00:42]} 24. hxg5 {[%clk 00:02:18]} {[%emt
00:00:05]} Rxd2+ {[%clk 00:40:16]} {[%emt 00:00:50]} 25. Ke3 {[%clk 00:02:31]}
{[%emt 00:00:16]} Rxa2 {[%clk 00:40:33]} {[%emt 00:00:14]} 26. f4 {[%clk
00:02:43]} {[%emt 00:00:18]} Bd2+ {[%clk 00:40:35]} {[%emt 00:00:28]} 27. Kf3
{[%clk 00:03:04]} {[%emt 00:00:09]} Ra4 {[%clk 00:40:43]} {[%emt 00:00:22]} 28.
f5 {[%clk 00:02:46]} {[%emt 00:00:48]} Bxg5 {[%clk 00:40:57]} {[%emt 00:00:17]}
29. Kg4 {[%clk 00:02:27]} {[%emt 00:00:49]} Bd2 {[%clk 00:41:00]} {[%emt
00:00:26]} 30. f6 {[%clk 00:02:24]} {[%emt 00:00:33]} Rxd4+ {[%clk 00:41:17]}
{[%emt 00:00:13]} 31. Kh5 {[%clk 00:02:45]} {[%emt 00:00:09]} a5 {[%clk
00:41:05]} {[%emt 00:00:41]} 32. Bg8 {[%clk 00:02:31]} {[%emt 00:00:44]} Be1
{[%clk 00:41:26]} {[%emt 00:00:10]} 33. Kh6 {[%clk 00:02:43]} {[%emt 00:00:18]}
a4 {[%clk 00:41:30]} {[%emt 00:00:25]} 34. Kg7 {[%clk 00:02:59]} {[%emt
00:00:14]} Rg4+ {[%clk 00:41:53]} {[%emt 00:00:07]} 35. Kh8 {[%clk 00:03:15]}
{[%emt 00:00:13]} a3 {[%clk 00:42:03]} {[%emt 00:00:21]} 36. Bh7 {[%clk
00:03:22]} {[%emt 00:00:24]} a2 {[%clk 00:42:07]} {[%emt 00:00:25]} 37. Bb1
{[%clk 00:03:20]} {[%emt 00:00:32]} Rh4 {[%clk 00:41:43]} {[%emt 00:00:55]} 38.
Bh7 {[%clk 00:03:39]} {[%emt 00:00:11]} a1=Q {[%clk 00:41:35]} {[%emt
00:00:38]} 39. Kg8 {[%clk 00:04:03]} {[%emt 00:00:06]} Qa3 {[%clk 00:41:53]}
{[%emt 00:00:10]} 40. Kh8 {[%clk 00:04:26]} {[%emt 00:00:08]} Qf8 {[%clk
00:42:19]} {[%emt 00:00:04]} 0-1